Comparison of celery cabbage ( Brassica compestris) varieties under royal university of agriculture condition; ការប្រៀបធៀបពូជស្ពៃចង្កឹះនៅក្នុងលក្ខខណ្ឌសាកលវិទ្យាល័យភូមិន្ទកសិកម្ម (Record no. 10764)
[ view plain ]
| 000 -LEADER | |
|---|---|
| fixed length control field | 00734nam a22001577a 4500 |
| 003 - CONTROL NUMBER IDENTIFIER | |
| control field | OSt |
| 005 - DATE AND TIME OF LATEST TRANSACTION | |
| control field | 20161105090515.0 |
| 008 - FIXED-LENGTH DATA ELEMENTS--GENERAL INFORMATION | |
| fixed length control field | 161105b xxu||||| |||| 00| 0 eng d |
| 040 ## - CATALOGING SOURCE | |
| Transcribing agency | RUA |
| 082 ## - DEWEY DECIMAL CLASSIFICATION NUMBER | |
| Classification number | AGR PRO 2015 B519 Or.1 |
| 100 ## - MAIN ENTRY--PERSONAL NAME | |
| 9 (RLIN) | 11197 |
| Personal name | PROM RAKSMEYVUTHANA; ព្រុំ រស្មីវឌ្ឍនា |
| 245 ## - TITLE STATEMENT | |
| Title | Comparison of celery cabbage ( Brassica compestris) varieties under royal university of agriculture condition; ការប្រៀបធៀបពូជស្ពៃចង្កឹះនៅក្នុងលក្ខខណ្ឌសាកលវិទ្យាល័យភូមិន្ទកសិកម្ម |
| 260 ## - PUBLICATION, DISTRIBUTION, ETC. (IMPRINT) | |
| Place of publication, distribution, etc. | Phnom Penh |
| Name of publisher, distributor, etc. | RUA |
| Date of publication, distribution, etc. | 2015 |
| 300 ## - PHYSICAL DESCRIPTION | |
| Extent | xii; 37p; |
| Other physical details | ill; |
| Dimensions | 29cm; |
| 942 ## - ADDED ENTRY ELEMENTS (KOHA) | |
| Source of classification or shelving scheme | |
| Koha item type | AGR |
| Price effective from | Date last seen | Permanent Location | Not for loan | Date acquired | Source of classification or shelving scheme | Koha item type | Lost status | Withdrawn status | Total Renewals | Date last checked out | Total Checkouts | Shelving location | Damaged status | Barcode | Current Location | Full call number |
|---|---|---|---|---|---|---|---|---|---|---|---|---|---|---|---|---|
| 2016-11-05 | 2024-06-25 | Library Block B | 2016-11-05 | AGR | 2024-06-04 | 3 | B519 | A03919 | Library Block B | AGR PRO 2015 B519 Or.1 | ||||||
| 2016-11-05 | 2019-11-04 | Library Block B | 2016-11-05 | AGR | 2019-10-04 | 4 | B519 | A03111 | Library Block B | AGR PRO 2015 B519 Or.2 | ||||||
| 2016-11-05 | 2016-11-05 | Library Block B | 2016-11-05 | AGR | B519 | A03036 | Library Block B | AGR PRO 2015 B519 Or.3 | ||||||||
| 2016-11-05 | 2023-12-20 | Library Block B | 2016-11-05 | AGR | 2023-11-24 | 3 | B519 | A03964 | Library Block B | AGR PRO 2015 B519 Or.4 | ||||||
| 2016-11-05 | 2024-05-31 | Library Block B | 2016-11-05 | AGR | 2024-04-30 | 4 | B519 | A04433 | Library Block B | AGR PRO 2015 B519 Or.5 | ||||||
| 2016-11-05 | 2021-02-19 | Library Block B | 2016-11-05 | AGR | 2021-01-27 | 1 | B519 | A03793 | Library Block B | AGR PRO 2015 B519 Or.6 | ||||||
| 2016-11-05 | 2020-06-15 | Library Block B | 2016-11-05 | AGR | 1 | 2020-05-19 | 5 | B519 | A03443 | Library Block B | AGR PRO 2015 B519 Or.7 | |||||
| 2016-11-05 | 2020-11-20 | Library Block B | 2016-11-05 | AGR | 2020-11-10 | 9 | B519 | A04425 | Library Block B | AGR PRO 2015 B519 Or.8 |